000 00300nam a22001337a 4500
008 170622b xxu||||| |||| 00| 0 eng d
020 _a9780073102764
041 _aeng
080 _24TH
_a32
100 _a21
101 _aSHP
245 _aESSENTIALS OF NEGOTIATION
_cLEWICKI,R.J
942 _2udc
_cBK
999 _c18843
_d18843